000 00751nam a22001817a 4500
999 _c371879
_d371879
008 201127b ||||| |||| 00| 0 eng d
040 _aDE-2950
_bger
_cDE-2950
_erda
041 _ager
245 _aEigenanteil im Seniorenhaus soll drastisch steigen.
_bHeimkosten Die Pflege- und Betreuungsgesellschaft der Stadt muss ihren Beschäftigten mehr zahlen, bekommt dies jedoch noch nicht refinanziert/
_cInes Weber-Rath
264 _c2022
653 _aFrankfurt (Oder)
653 _aHeimkosten
773 _dFrankfurt (Oder) Märkisches Verlags- und Druckhaus GmbH & Co KG
_tMärkische Oderzeitung
_g33. Jahrgang (2022) Nr. 224 vom 24./25.09.2022, S. 15: Abb.
942 _cA